000 00401nam a2200145Ia 4500
005 20251222152042.0
008 251222s9999||||xx |||||||||||||| ||spa||
020 _a9786123114626
082 _a348.6/G68
100 _aGonzales Ramírez, Luis Álvaro
245 0 _aPronunciamientos de la Corte Suprema y del TC en Materia Laboral:
250 _a1ra ed.
264 _bGaceta Jurídica
942 _cLIB
999 _c26083
_d26083